| 000 | 00518nam a2200217Ia 4500 | ||
|---|---|---|---|
| 003 | 0100 | ||
| 008 | 130303s9999 xx 000 0 und d | ||
| 020 | _a0915145189 | ||
| 040 | _cARRUPELIB | ||
| 050 | _aB3973.E5S47 1982 | ||
| 100 | _aSpinoza, Benedictus de | ||
| 245 | 4 | _aThe ethics and selected letters | |
| 260 | _aIndianapolis | ||
| 260 | _bHackett Publishing Co. | ||
| 260 | _C1982 | ||
| 300 | _a262p. | ||
| 300 | _b 23 cm. | ||
| 650 | _aPHILOSOPHY | ||
| 700 | _aShirley, Samuel (tr.) | ||
| 942 | 0 | 0 | _01 |
| 999 |
_c8297 _d8297 |
||